Представление документа в формате MARC21

Поле Инд. ПП Название Значение
Тип записи a
Библиографический уровень b
001 Контрольный номер RU/IS/BASE/294249898
005 Дата корректировки 20200610181759.8
008 Кодируемые данные 20090428
040 b Код языка каталог. rus
e Правила каталог. PSBO
041 0_ a Код языка текста rus
084 a Индекс другой классификации/Индекс ББК 81.411.2-025
100 1_ a Автор Кара-Мурза Е. С.
245 10 a Заглавие Активные синтаксические процессы в современной русской рекламе
504 a Библиография Библиогр. - Примеч.: с. 82 - 83
650 14 a Основная рубрика общее языкознание
a Основная рубрика развитие языка
a Основная рубрика русский язык
a Основная рубрика филологические науки
a Основная рубрика формы существования языка
a Основная рубрика частное языкознание
a Основная рубрика языкознание
653 0_ a Ключевые слова аграмматизм
a Ключевые слова реклама
a Ключевые слова реклама постерная
a Ключевые слова реклама строчная
a Ключевые слова рекламный дискурс
a Ключевые слова рекламный текст
a Ключевые слова синтаксис
a Ключевые слова синтаксические конструкции
a Ключевые слова слоганы
a Ключевые слова язык рекламы
773 08 t Заглавие источника Вестник Московского университета. Серия 9, Филология
d Дата издания источника 2008
g Прочая информация № 6. - С. 72 - 83
w Контрольный № источника RU/IS/BASE/293109115
901 t Тип документа b